Memoriales del obispo de Tlaxcala (notice nᵒ 3030)
[ vue normale ]
| 000 -Sello discográfico | |
|---|---|
| campo de control de longitud fija | 01029nam a2200301 4500 |
| 005 - Identificación de versión | |
| campo de control | 20251120095039.0 |
| 010 ## - Número Estándar Internacional de Libros (ISBN) | |
| Número (ISBN) | 968-29-1639-9 |
| 035 ## - Otros números de control del sistema | |
| Número de control del sistema | 24461 |
| 099 ## - fechas locales | |
| Tipo de ítem Koha | LIBRO |
| 100 ## - Datos de procesamiento general | |
| Datos de procesamiento general | 19980305d19871985m y1spay5003 ba |
| 101 ## - Idioma del recurso | |
| Idioma del texto, banda sonora, etc. | Español; Castellano |
| 105 ## - Campo de datos codificados: Material textual, monográfico | |
| Datos codificados de monografía | a 001zy |
| 200 1# - Título y mención de responsabilidad | |
| Título propio | Memoriales del obispo de Tlaxcala |
| Designación general del material | texto impreso |
| Otra información del título | un recorrido por el centro de México a principios del siglo XVII |
| Primer mención de responsabilidad | Fray Alonso de la Mota y Escobar |
| Declaración de responsabilidad subsiguiente | introducción y notas Alba González Jácome |
| 205 ## - Declaración de edición | |
| Declaración de edición | 1a ed |
| 210 ## - Publicación, distribución, etc. | |
| Lugar de publicación, distribución, etc. | México |
| Nombre del editor, distribuidor, etc. | Secretaría de Educación Pública |
| Fecha de publicación, distribución, etc. | 1987 |
| 215 ## - Descripción física | |
| Designación de material específico y extensión del ítem | 180 p |
| Otras características físicas | il. |
| Dimensiones | 27 cm |
| 300 ## - Notas generales | |
| Texto de la nota | V Centenario del Encuentro de Dos Mundos |
| 345 ## - Nota de información de adquisición | |
| Fuente de adquisición/dirección de la suscripción [OBSOLETO] | Donación |
| 600 ## - Nombre personal usado como materia | |
| Elemento de entrada | Mota y Escobar |
| Parte del nombre distinta del elemento de entrada | Alonso de la |
| Fechas | 1546-1625 |
| Número Koha | 6433 |
| 607 ## - Nombre geográfico utilizado como tema | |
| Elemento de entrada | Tlaxcala (México) |
| Subdivisión temática | Descripción y viajes |
| Número Koha | 6434 |
| 660 ## - Código de área geográfica | |
| Código | MX |
| 700 ## - Nombre personal - Responsabilidad primaria | |
| Elemento de entrada | Mota y Escobar |
| Parte del nombre distinta del elemento de entrada | Alonso de la |
| Fechas | 1546-1625 |
| Número Koha | 6433 |
| 702 ## - Nombre personal - Responsabilidad secundaria | |
| Elemento de entrada | González Jácome |
| Parte del nombre distinta del elemento de entrada | Alba |
| Número Koha | 6435 |
| 801 #0 - Fuente de origen | |
| País | FR |
| Agencia | cm |
| Reglas de catalogación (convenciones descriptivas) | AFNOR |
| 942 ## - ELEMENTOS DE ENTRADA SECUNDARIOS (KOHA) | |
| Tipo de ítem Koha | Livre |
| Estatus retirado | Estado de daño | Estado de pérdida | Fuente de la clasificación o esquema de estantería | Fecha de adquisición | Biblioteca de origen | Biblioteca actual | Código de barras | Precio de reemplazo | Signatura topográfica completa | No para préstamo | Tipo de ítem Koha | Nota no pública |
|---|---|---|---|---|---|---|---|---|---|---|---|---|
| Clasificación Decimal Dewey | 20/11/2025 | Casa México Paris | Casa México Paris | 008238 | 20/11/2025 | 917.24 M917m | Livre | 751145101 |